La carta apostólica "Porta fidei", música de fondo del Concilio Ecuménico Vaticano II

Saved in:  
Bibliographic Details
Main Author: Prat i Pons, Ramon 1945- (Author)
Format: Print Article
Language:Spanish
Check availability: HBZ Gateway
Interlibrary Loan:Interlibrary Loan for the Fachinformationsdienste (Specialized Information Services in Germany)
Published: 2012
In: Phase
Year: 2012, Volume: 52, Issue: 311, Pages: 475-480
Further subjects:B Holy See (motif) Pope 2005-2013 : Benedikt XVI Porta fidei

MARC

LEADER 00000caa a2200000 c 4500
001 1635443873
003 DE-627
005 20241028182247.0
007 tu
008 131211s2012 xx ||||| 00| ||spa c
035 |a (DE-627)1635443873 
035 |a (DE-576)398941793 
035 |a (DE-599)BSZ398941793 
040 |a DE-627  |b ger  |c DE-627  |e rakwb 
041 |a spa 
084 |a 1  |2 ssgn 
100 1 |0 (DE-588)1045189871  |0 (DE-627)773898379  |0 (DE-576)398841322  |4 aut  |a Prat i Pons, Ramon  |d 1945- 
109 |a Prat i Pons, Ramon 1945-  |a Prat Pons, Ramon 1945-  |a Prat i Pons, Ramón 1945-  |a Prat, Ramon 1945- 
245 1 3 |a La carta apostólica "Porta fidei", música de fondo del Concilio Ecuménico Vaticano II  |c Ramon Prat Pons 
264 1 |c 2012 
336 |a Text  |b txt  |2 rdacontent 
337 |a ohne Hilfsmittel zu benutzen  |b n  |2 rdamedia 
338 |a Band  |b nc  |2 rdacarrier 
601 |a Apostoliker 
610 2 7 |0 (DE-588)1346410194  |0 (DE-627)1907039325  |0 (DE-576)477159931  |a Katholische Kirche  |b Papst  |g 2005-2013 : Benedikt XVI.  |t Porta fidei  |2 gnd 
773 0 8 |i In  |t Phase  |d Barcelona : Centro, 1963  |g 52(2012), 311, Seite 475-480  |w (DE-627)16793015X  |w (DE-600)606978-2  |w (DE-576)018664865  |x 0210-3877  |7 nnas 
773 1 8 |g volume:52  |g year:2012  |g number:311  |g pages:475-480 
951 |a AR 
ELC |b 1 
ITA |a 1  |t 1 
LOK |0 000 xxxxxcx a22 zn 4500 
LOK |0 001 3291743288 
LOK |0 003 DE-627 
LOK |0 004 1635443873 
LOK |0 005 20131211140814 
LOK |0 008 131211||||||||||||||||ger||||||| 
LOK |0 040   |a DE-Tue135  |c DE-627  |d DE-Tue135 
LOK |0 092   |o n 
LOK |0 852   |a DE-Tue135 
LOK |0 852 1  |9 00 
LOK |0 935   |a ixzs 
LOK |0 939   |a 11-12-13  |b l01 
ORI |a SA-MARC-ixtheoa001.raw 
SYB 0 0 |a Katholische Kirche,Papst,Motu proprio Porta fidei,Katholische Kirche,Papst,Apostolisches Schreiben in Form eines Motu proprio Porta fidei,Katholische Kirche,Papst,Apostolisches Schreiben in Form eines Motu proprio Porta fidei mit dem das Jahr des Glauben ausgerufen wird